Disney Theme Park : Sudden Death - Statistics

General Stats
  • This quiz has been taken 134 times
  • The average score is 5 of 7
Answers on the Grid
Answers color-coded by a green-red scale on the quiz's grid according to % correct below.
Paris
Hong Kong
Shanghai
Tokyo
Orlando
Los Angeles
Abu Dhabi
Mumbai
Dubai
Chicago
Melbourne
Rome
 
Answer Stats
Answer % Correct
Paris
93%
Orlando
90%
Tokyo
86%
Los Angeles
84%
Shanghai
78%
Hong Kong
77%
Abu Dhabi
42%
No matching quizzes found
Score Distribution
Percent of People with Each Score
Percentile by Number Answered
Your Score History
You have not taken this quiz